Answers Are Australian Countries - Statistics

General Stats
  • This quiz has been taken 693 times
  • The average score is 11 of 14
Answer Stats
Hint Answer % Correct
Third Smallest country in the World Nauru
92%
Along with Samoa, this country is the only Monarchy in Oceania Tonga
89%
This country has more languages spoken than any other in the world Papua New Guinea
88%
This country is home to the Simpson Desert Australia
83%
The Skytower, the tallest structure in the Southern Hemisphere is here New Zealand
80%
30% of this country is Hindu Fiji
78%
In 1979 this country voted against joining Micronesia Palau
77%
This country is made up of Four Island States Federated States of Micronesia
76%
This country's capital is Majuro Marshall Islands
75%
This country's flag contains the Union Jack and nine gold stars Tuvalu
75%
This country is made up of two main islands, Tutuila and Savai'i Samoa
72%
Guadalcanal is located here Solomon Islands
69%
Home to Espiritu Santo Vanuatu
68%
Three settlements here are London, Paris, and Poland Kiribati
66%
No matching quizzes found
Score Distribution
Percent of People with Each Score
Percentile by Number Answered
Your Score History
You have not taken this quiz